=LDR 00000nam 2200000 4500 =001 INLIS000000000060439 =005 20220131021300 =035 ##$$a 0010-0122000375 =007 ta =008 220131###########################0#ind## =082 ##$$a R. 352.830 26 =084 ##$$a R. 352.830 26 Ind p =245 ##$$a Peraturan Menteri Keuangan Nomor 80/PMK.05/2007 Tentang Petunjuk Penyusunan dan Penelahaan Rencana Kerja dan Pelaksanaan Daftar Isian Pelksanaan Anggaran Tahun Anggaran 2008 =300 ##$$a 255 halaman ; $c 21 cm. =650 #4$$a Keuangan Negara- Undang-Undang dan Peraturan - Standar Biaya =264 ##$$a jakarta :$b Eka Jaya,$c 2007 =336 ##$$a teks$2 rdacontent =337 ##$$a lain-lain$2 rdamedia =338 ##$$a lain-lain$2 rdacarrier =990 ##$$a 04870487